00423nam a2200181Ia 4500003000400000005001700004008004100021020001800062040000700080041000800087082002600095100001800121245002900139250000600168260003800174300001600212365001300228OSt20230401120635.0210423s2009 xx 000 0 und d a9780070153363 cAL aeng a658.150954223b GURS aGURUSAMY (S). aIndian financial system. a2 aNew DelhibTata McGraw-hillc2009 axiv,624bPB b395cINR